000
00261nam a22001217a 4500
082
_a
030
_b
NOR/A
100
_a
NORMAN, C J
245
_a
AIRCRAFT CARRIERS
260
_a
LONDON
_b
WATTS FRANKLIN
300
_a
32
650
_a
GENERAL AWARENESS
_z
LONDON
942
_c
BK
999
_c
3092
_d
3092